Cedulario de la isla de Santo Domingo, V.2, 1501-1509. Gobierno de Nicolás de Ovando (Record no. 7618)

MARC details
000 -LEADER
campo de control de longitud fija 00424nam a2200145Ia 4500
001 - NÚMERO DE CONTROL
campo de control 2841
008 - DATOS DE LONGITUD FIJA--INFORMACIÓN GENERAL
campo de control de longitud fija 241024s9999 xx 000 0 und d
020 ## - NÚMERO INTERNACIONAL ESTÁNDAR DEL LIBRO
Número Internacional Estándar del Libro 978-9945-074-71-0
082 ## - NÚMERO DE LA CLASIFICACIÓN DECIMAL DEWEY
Número de clasificación RD/972.09302/R896c/V.2
100 ## - ENTRADA PRINCIPAL--NOMBRE DE PERSONA
Nombre de persona Fray Vicente Rubio
245 #0 - MENCIÓN DEL TÍTULO
Título Cedulario de la isla de Santo Domingo, V.2, 1501-1509. Gobierno de Nicolás de Ovando
260 ## - PUBLICACIÓN, DISTRIBUCIÓN, ETC.
Nombre del editor, distribuidor, etc. Ed. Búho
Fecha de publicación, distribución, etc. 2013
901 ## - ELEMENTOS DE DATOS A LOCAL LDA (RLIN)
a 5/4/2013 9:48:14 a.m.

No items available.

© 2024. Todos los Derechos Reservados. Desarrollado por IDEICE